000 00280nam a22001337a 4500
008 180202b xxu||||| |||| 00| 0 eng d
020 _a9781400033720
041 _aeng
080 _a52
100 _a42
101 _aAST
245 _aPARALEL WORLDS
_cKAKU.M
942 _2udc
_cBK
999 _c41642
_d41642